LEADER 01011nam a22002531i 4500 001 991003370099707536 005 20040725152158.0 008 040802s1924 it |||||||||||||||||ita 035 $ab13064721-39ule_inst 035 $aARCHE-101733$9ExL 040 $aBiblioteca Interfacoltà$bita$cA.t.i. Arché s.c.r.l. Pandora Sicilia s.r.l. 082 04$a914.51 100 1 $aDe Amicis, Edmondo$0130804 245 10$aAlle porte d'Italia /$cEdmondo De Amicis 250 $a13. impressione della nuova ed. del 1888, riv. dall'A., con l'aggiunta di due capitoli 260 $aMilano :$bF.lli Treves,$cstampa 1924 300 $a406 p. ;$c20 cm 651 4$aItalia$xDescrizione e viaggi$ySec. 19. 907 $a.b13064721$b02-04-14$c05-08-04 912 $a991003370099707536 945 $aLE002 Fondo Giudici P 343$g1$iLE002G-13458$lle002$nC. 1$o-$pE0.00$q-$rn$so $t0$u0$v0$w0$x0$y.i13691399$z05-08-04 996 $aAlle porte d'Italia$9159433 997 $aUNISALENTO 998 $ale002$b05-08-04$cm$da $e-$fita$git $h0$i1 LEADER 02121oas 22006973 450 001 9910370353603321 005 20250611213023.0 011 $a2577-445X 035 $a(OCoLC)1029877002 035 $a(CONSER) 2018200430 035 $a(CKB)4100000008045093 035 $a(EXLCZ)994100000008045093 100 $a20180330a20189999 uy a 101 0 $aeng 135 $aur||||||||||| 181 $ctxt$2rdacontent 182 $cc$2rdamedia 183 $acr$2rdacarrier 200 00$aInternational journal of geoheritage and parks 210 1$aSt. Louis, MO :$cDarswin Publishing House,$d2018- 210 31$a[Amsterdam] :$cElsevier B.V. 300 $aRefereed/Peer-reviewed 311 08$a2577-4441 606 $aGeology$vPeriodicals 606 $aConservation of natural resources$vPeriodicals 606 $aLandscape protection$vPeriodicals 606 $aGeoparks$vPeriodicals 606 $aGe?ologie$vPe?riodiques 606 $aConservation des ressources naturelles$vPe?riodiques 606 $aPaysages$xProtection$vPe?riodiques 606 $aGe?oparcs$vPe?riodiques 606 $aConservation of natural resources$2fast$3(OCoLC)fst00875502 606 $aGeology$2fast$3(OCoLC)fst00940627 606 $aGeoparks$2fast$3(OCoLC)fst01736534 606 $aLandscape protection$2fast$3(OCoLC)fst00992049 608 $aPeriodicals.$2fast 615 0$aGeology 615 0$aConservation of natural resources 615 0$aLandscape protection 615 0$aGeoparks 615 6$aGe?ologie 615 6$aConservation des ressources naturelles 615 6$aPaysages$xProtection 615 6$aGe?oparcs 615 7$aConservation of natural resources. 615 7$aGeology. 615 7$aGeoparks. 615 7$aLandscape protection. 676 $a910.02 801 0$bDLC 801 1$bDLC 801 2$bDLC 801 2$bAUD 801 2$bOCLCO 801 2$bOCLCF 801 2$bDLC 801 2$bOCLCL 906 $aJOURNAL 912 $a9910370353603321 996 $aInternational journal of geoheritage and parks$91891281 997 $aUNINA